000 00888cad a22002655a 4500
001 L158195
008 091005s2014 xxk d f 000 0 eng d
035 _a(Sirsi) u158195
041 0 _aeng
100 1 _aJones, Peter
245 0 0 _aBeyond the dustbin
_h[electronic resource]
260 _c2014
490 _aProperty Journal
_vNovember 2014, 28-30(3)
520 _aExplores the impact of new approaches to commercial waste. Looks at waste recycling and recovery sector in the UK.
590 _aKA
650 2 4 _amaterial reclamation facilities
650 2 4 _aWASTE MANAGEMENT STRATEGIES
651 4 _aUnited Kingdom
_y
690 _aRenewables
_96265
690 _aENERGY
_96237
690 _aSUSTAINABILITY
_96271
700 1 _aConway, Claudia
856 4 0 _uhttps://www.rics.org/uk/news/journals/property-journal
_zView this item free of charge at www.rics.org
942 _n0
999 _c84530
_d84530